000 01309nam a2200361 i 4500
001 25549
003 KOSZ 005
005 20210112122123.0
008 071002s1971 pl a f 000 0 pol
015 _aPB 1971/6927
035 _a(OCoLC)802130472
040 _aWA N
_cWA N
_dKOSZ 005/KK
_dKOSZ 005/RW
046 _k1971
080 _a631.3
100 1 _aStężała, Stanisław
_eAutor
245 1 0 _aMycie, malowanie renowacyjne i konserwacja maszyn rolniczych /
_cStanisław Stężała, Stefan Żak.
260 _aWarszawa :
_bPaństwowe Wydawnictwo Rolnicze i Leśne,
_c1971.
300 _a266, [2] stron :
_bilustracje ;
_c22 cm.
336 _aTekst
_btxt
_2rdacontent
337 _aBez urządzenia pośredniczącego
_bn
_2rdamedia
338 _aWolumin
_bnc
_2rdacarrier
380 _aKsiążki.
388 _a1901-2000
504 _aBibliografia na stronach 266-[267].
650 7 _aMaszyny i narzędzia rolnicze
658 _aRolnictwo i leśnictwo
658 _aInżynieria i technika
650 7 _aMalowanie ochronne
700 1 _aŻak, Stefan
_eAutor
710 _aPaństwowe Wydawnictwo Rolnicze i Leśne
_4pbl.
856 _uhttp://koha.tu.koszalin.pl/cgi-bin/koha/opac-detail.pl?biblionumber=25549
_yKatalog online BPK
942 _2UKD
_cKS
999 _c25549
_d25549